[Event "Primorsko op"]
[Site "Primorsko"]
[Date "2017.09.17"]
[Round "1"]
[White "Enchev, Ivajlo"]
[Black "Orev, Petar"]
[Result "1-0"]
[WhiteElo "2493"]
[BlackElo "2047"]
[PlyCount "101"]
[EventDate "2017.09.17"]
[EventType "swiss"]
[EventRounds "9"]
[EventCountry "BUL"]
[SourceTitle "CBM 180 Extra"]
[Source "ChessBase"]
[SourceDate "2017.10.06"]
[SourceVersion "1"]
[SourceVersionDate "2017.10.06"]
[SourceQuality "1"]

1. d4 Nc6 2. Nf3 d6 3. d5 Ne5 4. Nc3 Nxf3+ 5. exf3 e5 6. f4 Nf6 7. Bd3 Be7 8. 0-0 0-0 9. Re1 exf4 10. Bxf4 c6 11. Qf3 Bg4 12. Qg3 cxd5 13. Rxe7 Qxe7 14. h3 Be6 15. Bxd6 Qd8 16. Bxf8 Qxf8 17. Nb5 a6 18. Nd4 Qb4 19. c3 Qe7 20. Re1 Rd8 21. Bf5 Qd6 22. Qxd6 Rxd6 23. Bxe6 fxe6 24. Nxe6 Kf7 25. Nd4 b5 26. f3 Rb6 27. a3 Rd6 28. Kf2 Rb6 29. g4 g6 30. Re5 Rd6 31. Ke2 Nd7 32. Re3 Nb6 33. b3 Nd7 34. Kd2 h6 35. Re1 Rf6 36. Ke3 Ke7 37. h4 Kd6 38. Rh1 Rf8 39. h5 Rc8 40. Kd2 g5 41. Nf5+ Kc5 42. Nxh6 Ne5 43. Rh3 d4 44. cxd4+ Kxd4 45. Nf5+ Kd5 46. h6 Ng6 47. Rh5 Ne5 48. Rh3 Ng6 49. h7 Rh8 50. Rh6 Ne5 51. Ne3+ 1-0

[Event "Sofia MGU op 159th"]
[Site "Sofia"]
[Date "2016.01.03"]
[Round "4"]
[White "Orev, Petar"]
[Black "Mladenov, Andrey"]
[Result "1-0"]
[WhiteElo "2024"]
[BlackElo "1541"]
[PlyCount "49"]
[EventDate "2016.01.02"]
[EventType "swiss"]
[EventRounds "6"]
[EventCountry "BUL"]
[SourceTitle "CBM 170 Extra"]
[Source "ChessBase"]
[SourceDate "2016.02.25"]
[SourceVersion "1"]
[SourceVersionDate "2016.02.25"]
[SourceQuality "1"]

1. e4 c5 2. c3 Nf6 3. e5 Nd5 4. d4 cxd4 5. Nf3 Nc6 6. cxd4 d6 7. Bc4 e6 8. 0-0 Be7 9. Nbd2 Nb6 10. Bb3 0-0 11. Qe2 Bd7 12. Ne4 dxe5 13. dxe5 Qc7 14. Bf4 f6 15. exf6 Qxf4 16. fxe7 Nxe7 17. Nc5 Bc6 18. Nxe6 Qf6 19. Nxf8+ Kxf8 20. Qe5 Qg6 21. Qf4+ Ke8 22. Rfe1 Nbd5 23. Bxd5 Bxd5 24. Qe5 Qf7 25. Ng5 1-0

[Event "Sofia MGU op 155th"]
[Site "Sofia"]
[Date "2015.11.14"]
[Round "1"]
[White "Orev, Petar"]
[Black "Mustedjeb, Anher"]
[Result "1/2-1/2"]
[WhiteElo "2075"]
[BlackElo "1639"]
[PlyCount "63"]
[EventDate "2015.11.14"]
[EventType "swiss"]
[EventRounds "6"]
[EventCountry "BUL"]
[SourceTitle "CBM 169 Extra"]
[Source "ChessBase"]
[SourceDate "2015.12.18"]
[SourceVersion "1"]
[SourceVersionDate "2015.12.18"]
[SourceQuality "1"]

1. e4 c5 2. c3 e6 3. d4 cxd4 4. cxd4 d5 5. e5 Nc6 6. Nf3 Bb4+ 7. Nc3 Nge7 8. Bd3 0-0 9. Bxh7+ Kxh7 10. Ng5+ Kg8 11. Qh5 Re8 12. Qxf7+ Kh8 13. Qh5+ Kg8 14. Qh7+ Kf8 15. Qh5 Kg8 16. Be3 Nf5 17. Qf7+ Kh8 18. Qg6 Kg8 19. g4 Nh6 20. Nh7 Ne7 21. Nf6+ Kf8 22. Qxe8+ Qxe8 23. Nxe8 Kxe8 24. f3 Nf7 25. Kf2 Bxc3 26. bxc3 Bd7 27. Rab1 b6 28. h4 Rc8 29. Bd2 Kf8 30. h5 Kg8 31. Rhc1 Kh7 32. Ke3 1/2-1/2

[Event "Sofia MGU 153rd"]
[Site "Sofia"]
[Date "2015.10.24"]
[Round "1"]
[White "Georgiev, Nikolay"]
[Black "Orev, Petar"]
[Result "0-1"]
[WhiteElo "1582"]
[BlackElo "2075"]
[PlyCount "64"]
[EventDate "2015.10.24"]
[EventType "swiss"]
[EventRounds "6"]
[EventCountry "BUL"]
[SourceTitle "CBM 168 Extra"]
[Source "ChessBase"]
[SourceDate "2015.10.29"]
[SourceVersion "1"]
[SourceVersionDate "2015.10.29"]
[SourceQuality "1"]

1. e4 Nf6 2. e5 Nd5 3. d4 d6 4. Nf3 Bg4 5. Be2 e6 6. c4 Nb6 7. h3 Bxf3 8. Bxf3 Nc6 9. exd6 cxd6 10. b3 Be7 11. Nc3 0-0 12. Be3 d5 13. c5 Nd7 14. a3 a5 15. Na4 b6 16. 0-0 bxc5 17. Nxc5 Nxd4 18. Bxd4 Bxc5 19. Rc1 Bxa3 20. Rc6 Be7 21. Qe2 Bf6 22. Bxf6 Nxf6 23. Ra1 Qb8 24. Ra3 Rc8 25. Qc2 Qb7 26. Rxc8+ Rxc8 27. Qa2 Rc1+ 28. Kh2 Qc7+ 29. g3 Rc2 30. Qa1 Rxf2+ 31. Bg2 Qc2 32. Qg1 Qd2 0-1

[Event "Sofia MGU op 151st"]
[Site "Sofia"]
[Date "2015.09.27"]
[Round "4.2"]
[White "Gelemerov, Yane"]
[Black "Orev, Petar"]
[Result "0-1"]
[WhiteElo "2064"]
[BlackElo "2050"]
[PlyCount "66"]
[EventDate "2015.09.26"]
[EventType "swiss"]
[EventRounds "6"]
[EventCountry "BUL"]
[SourceTitle "EXT 2016"]
[Source "ChessBase"]
[SourceDate "2015.10.08"]
[SourceVersion "1"]
[SourceVersionDate "2015.10.08"]
[SourceQuality "1"]

1. e4 Nf6 2. e5 Nd5 3. c4 Nb6 4. a4 d5 5. c5 N6d7 6. d4 e6 7. a5 b6 8. axb6 cxb6 9. b4 a5 10. Bd2 Bb7 11. bxa5 bxc5 12. Bb5 Bc6 13. Qa4 Qc7 14. f4 Bxb5 15. Qxb5 Nc6 16. Nf3 Be7 17. 0-0 0-0 18. dxc5 Rfb8 19. Qa4 Nxc5 20. Qc2 Nxa5 21. Bxa5 Rxa5 22. Nbd2 Qa7 23. Rxa5 Qxa5 24. Nd4 Qa4 25. Qc3 Nd7 26. N2b3 Qc4 27. Qe3 Bc5 28. Nxc5 Nxc5 29. Nc6 Rb3 30. Qe1 Nd3 31. Qh4 Qc5+ 32. Kh1 h6 33. Ne7+ Kh7 0-1

[Event "Teteven op 30th"]
[Site "Teteven"]
[Date "2015.08.10"]
[Round "1"]
[White "Orev, Petar"]
[Black "Georgiev, Nikolay"]
[Result "1-0"]
[WhiteElo "2083"]
[BlackElo "1567"]
[PlyCount "53"]
[EventDate "2015.08.10"]
[EventType "swiss"]
[EventRounds "9"]
[EventCountry "BUL"]
[SourceTitle "CBM 167 Extra"]
[Source "ChessBase"]
[SourceDate "2015.09.14"]
[SourceVersion "1"]
[SourceVersionDate "2015.09.14"]
[SourceQuality "1"]

1. e4 e5 2. Nf3 Nc6 3. Nc3 Nf6 4. Bc4 Bc5 5. 0-0 d6 6. d3 h6 7. Na4 Bg4 8. Nxc5 dxc5 9. h3 Bxf3 10. Qxf3 Nd4 11. Qd1 Qd7 12. c3 Ne6 13. Be3 b6 14. Qf3 0-0-0 15. Qf5 b5 16. Bb3 Qxd3 17. Bxc5 Qxe4 18. Bxe6+ fxe6 19. Qxe6+ Kb7 20. Rfe1 Qd5 21. Rxe5 Qxe6 22. Rxe6 Rhe8 23. Rxe8 Rxe8 24. Kf1 Kc6 25. Bxa7 Rd8 26. Bd4 Kd5 27. Bxf6 1-0

[Event "Sofia MGU op 147th"]
[Site "Sofia"]
[Date "2015.07.25"]
[Round "2"]
[White "Orev, Petar"]
[Black "Atanasov, Viktor"]
[Result "0-1"]
[WhiteElo "2096"]
[BlackElo "1777"]
[PlyCount "62"]
[EventDate "2015.07.25"]
[EventType "swiss"]
[EventRounds "6"]
[EventCountry "BUL"]
[SourceTitle "CBM 167 Extra"]
[Source "ChessBase"]
[SourceDate "2015.09.14"]
[SourceVersion "1"]
[SourceVersionDate "2015.09.14"]
[SourceQuality "1"]

1. e4 e6 2. d4 d5 3. e5 c5 4. c3 Qb6 5. a3 Nc6 6. Nf3 a5 7. Be2 Nh6 8. Ra2 a4 9. 0-0 Bd7 10. dxc5 Bxc5 11. Bxh6 gxh6 12. c4 Qb3 13. Qxb3 axb3 14. Ra1 Nd4 15. Nxd4 Bxd4 16. Nc3 dxc4 17. Bxc4 Rc8 18. Bxb3 Bxe5 19. Rfc1 Ke7 20. Ba4 Rxc3 21. bxc3 Bxa4 22. Rab1 b5 23. c4 Bf4 24. Rc3 Bd2 25. Rd3 Bc2 26. Rxd2 Bxb1 27. cxb5 Rd8 28. Rxd8 Kxd8 29. a4 Bd3 30. b6 Kc8 31. f3 Kb7 0-1

[Event "Sofia MGU op 137th"]
[Site "Sofia"]
[Date "2015.02.28"]
[Round "1"]
[White "Orev, Petar"]
[Black "Iliev, Alexandar"]
[Result "1-0"]
[WhiteElo "2115"]
[BlackElo "1735"]
[PlyCount "59"]
[EventDate "2015.02.28"]
[EventType "swiss"]
[EventRounds "6"]
[EventCountry "BUL"]
[SourceTitle "CBM 165 Extra"]
[Source "ChessBase"]
[SourceDate "2015.04.21"]
[SourceVersion "1"]
[SourceVersionDate "2015.04.21"]
[SourceQuality "1"]

1. e4 e6 2. d4 d6 3. Be3 Be7 4. Nc3 c6 5. Bd3 Bg5 6. f4 Bh6 7. Nf3 Nd7 8. g4 e5 9. g5 exd4 10. gxh6 Nxh6 11. Bxd4 f6 12. Qd2 Nb6 13. 0-0-0 Bg4 14. Be2 Nf7 15. Rhg1 Bxf3 16. Bxf3 c5 17. Be3 Nc4 18. Qd3 Nxe3 19. Qxe3 0-0 20. Nd5 Kh8 21. Bh5 Nh6 22. f5 Nf7 23. Bxf7 Rxf7 24. Nf4 b5 25. Ne6 Qa5 26. Rxd6 Qxa2 27. Qa3 Qc4 28. Qxc5 Qxe4 29. Rgd1 Rg8 30. Rd8 1-0

[Event "Sofia MGU op 136th"]
[Site "Sofia"]
[Date "2015.02.15"]
[Round "5"]
[White "Orev, Petar"]
[Black "Koleva, Aleksandrina"]
[Result "1/2-1/2"]
[WhiteElo "2115"]
[BlackElo "1807"]
[PlyCount "34"]
[EventDate "2015.02.14"]
[EventType "swiss"]
[EventRounds "6"]
[EventCountry "BUL"]
[SourceTitle "CBM 164 Extra"]
[Source "ChessBase"]
[SourceDate "2015.03.02"]
[SourceVersion "1"]
[SourceVersionDate "2015.03.02"]
[SourceQuality "1"]

1. c4 e5 2. g3 Nf6 3. Bg2 c6 4. Nc3 Be7 5. e3 0-0 6. Nge2 Na6 7. 0-0 d5 8. cxd5 cxd5 9. d3 Be6 10. b3 Qd7 11. Bb2 Bh3 12. a4 Bxg2 13. Kxg2 Nb4 14. Qd2 Rac8 15. d4 e4 16. Ba3 a5 17. Bxb4 Bxb4 1/2-1/2

[Event "Sofia MGU op 136th"]
[Site "Sofia"]
[Date "2015.02.14"]
[Round "1"]
[White "Orev, Petar"]
[Black "Iliev, Alexandar"]
[Result "1-0"]
[WhiteElo "2115"]
[BlackElo "1735"]
[PlyCount "49"]
[EventDate "2015.02.14"]
[EventType "swiss"]
[EventRounds "6"]
[EventCountry "BUL"]
[SourceTitle "CBM 164 Extra"]
[Source "ChessBase"]
[SourceDate "2015.03.02"]
[SourceVersion "1"]
[SourceVersionDate "2015.03.02"]
[SourceQuality "1"]

1. e4 e6 2. Nf3 d6 3. d4 Nd7 4. Nc3 a6 5. Be2 Ne7 6. 0-0 Ng6 7. Be3 Nh4 8. Nd2 Nb6 9. f4 f5 10. Qe1 d5 11. Bf2 Ng6 12. exf5 Nxf4 13. Bg3 Nxe2+ 14. Qxe2 Qe7 15. Rae1 Qb4 16. Nb3 c5 17. a3 Qc4 18. Qxc4 Nxc4 19. Nxd5 Ra7 20. Bb8 Kd8 21. fxe6 cxd4 22. Rxf8+ Rxf8 23. e7+ Ke8 24. exf8Q+ Kxf8 25. Bxa7 1-0

[Event "Sofia MGU op 130th"]
[Site "Sofia"]
[Date "2015.01.04"]
[Round "6"]
[White "Orev, Petar"]
[Black "Banov, Boil"]
[Result "1/2-1/2"]
[WhiteElo "2103"]
[BlackElo "2130"]
[PlyCount "59"]
[EventDate "2015.01.03"]
[EventType "swiss"]
[EventRounds "6"]
[EventCountry "BUL"]
[SourceTitle "CBM 164 Extra"]
[Source "ChessBase"]
[SourceDate "2015.03.02"]
[SourceVersion "1"]
[SourceVersionDate "2015.03.02"]
[SourceQuality "1"]

1. e4 c5 2. c4 Nc6 3. Ne2 g6 4. d4 cxd4 5. Nxd4 Bg7 6. Be3 e6 7. Nc3 Nge7 8. Be2 0-0 9. 0-0 f5 10. exf5 Nxf5 11. Nxf5 Rxf5 12. f4 d5 13. g4 Rf8 14. cxd5 exd5 15. Qxd5+ Qxd5 16. Nxd5 Nd4 17. Bd1 Bd7 18. Rf2 Rae8 19. Rd2 Re4 20. Bf2 a5 21. g5 Be6 22. Nf6+ Bxf6 23. gxf6 Nc6 24. Re2 Rxe2 25. Bxe2 Rxf6 26. Be3 Nb4 27. Bb6 Rxf4 28. Bxa5 Nc2 29. Rf1 Rxf1+ 30. Bxf1 1/2-1/2

[Event "Sofia MGU op 130th"]
[Site "Sofia"]
[Date "2015.01.03"]
[Round "3"]
[White "Orev, Petar"]
[Black "Andreev, Dobrotich"]
[Result "1/2-1/2"]
[WhiteElo "2103"]
[BlackElo "1958"]
[PlyCount "30"]
[EventDate "2015.01.03"]
[EventType "swiss"]
[EventRounds "6"]
[EventCountry "BUL"]
[SourceTitle "CBM 164 Extra"]
[Source "ChessBase"]
[SourceDate "2015.03.02"]
[SourceVersion "1"]
[SourceVersionDate "2015.03.02"]
[SourceQuality "1"]

1. e4 c6 2. d4 d5 3. Bd3 dxe4 4. Bxe4 Nf6 5. Bf3 Bf5 6. Ne2 e6 7. Nbc3 Bd6 8. Ng3 Bg6 9. 0-0 0-0 10. Bg5 Nbd7 11. Nge4 Be7 12. Nxf6+ Nxf6 13. Ne2 Qa5 14. Qc1 h6 15. Bd2 Qa6 1/2-1/2

[Event "Sofia MGU op 129th"]
[Site "Sofia"]
[Date "2014.12.13"]
[Round "1"]
[White "Orev, Petar"]
[Black "Punchev, Ivan"]
[Result "1-0"]
[WhiteElo "2113"]
[BlackElo "1761"]
[PlyCount "51"]
[EventDate "2014.12.13"]
[EventType "swiss"]
[EventRounds "6"]
[EventCountry "BUL"]
[SourceTitle "CBM 163 Extra"]
[Source "ChessBase"]
[SourceDate "2014.12.23"]
[SourceVersion "1"]
[SourceVersionDate "2014.12.23"]
[SourceQuality "1"]

1. e4 c5 2. c3 d5 3. exd5 Qxd5 4. d4 c4 5. Na3 b5 6. b3 e5 7. bxc4 bxc4 8. Qa4+ Bd7 9. Qxc4 Nf6 10. Nb5 Qxc4 11. Bxc4 Na6 12. dxe5 Ng4 13. Nf3 Bc5 14. Nbd4 Nc7 15. h3 Nh6 16. Rb1 Bb6 17. Be3 0-0 18. Kd2 Nf5 19. Nxf5 Bxf5 20. Bxb6 Bxb1 21. Bxc7 Rac8 22. Bd6 Rfd8 23. Bxf7+ Kxf7 24. Rxb1 a6 25. Nd4 Rd7 26. e6+ 1-0

[Event "Sofia MGU op 122nd"]
[Site "Sofia"]
[Date "2014.10.25"]
[Round "3"]
[White "Orev, Petar"]
[Black "Iliev, Alexandar"]
[Result "1-0"]
[WhiteElo "2101"]
[BlackElo "1763"]
[PlyCount "81"]
[EventDate "2014.10.25"]
[EventType "swiss"]
[EventRounds "6"]
[EventCountry "BUL"]
[SourceTitle "EXT 2015"]
[Source "ChessBase"]
[SourceDate "2014.11.20"]
[SourceVersion "1"]
[SourceVersionDate "2014.11.20"]
[SourceQuality "1"]

1. e4 e6 2. d4 d6 3. Nf3 Nd7 4. c4 Ne7 5. Nc3 Ng6 6. h4 h5 7. Be2 e5 8. d5 c6 9. Bg5 Be7 10. Qd2 Nf6 11. g3 Bg4 12. 0-0-0 Qa5 13. Kb1 a6 14. Bxf6 gxf6 15. Ne1 Bxe2 16. Qxe2 c5 17. Nc2 Rc8 18. Ne3 Rb8 19. a4 Kd7 20. Kc2 Qd8 21. Nf5 Qg8 22. Ra1 Bd8 23. a5 Ne7 24. Qf3 Bc7 25. Ra3 Qg6 26. Rha1 Rbg8 27. Rb3 Rb8 28. Raa3 Qg8 29. Na4 Nxf5 30. Qxf5+ Ke7 31. Rf3 Qg6 32. Nc3 Rhg8 33. Nd1 b5 34. axb6 Rxb6 35. Rab3 Rgb8 36. Rxb6 Rxb6 37. Nc3 Rb8 38. Qh3 Qh6 39. Nd1 Bd8 40. Ne3 Ba5 41. Nf5+ 1-0

[Event "WchT Silent"]
[Site "Opatija"]
[Date "2014.06.26"]
[Round "8.1"]
[White "Orev, Petar"]
[Black "Shajakhmetov, Linat"]
[Result "1-0"]
[WhiteElo "2135"]
[BlackElo "2079"]
[PlyCount "89"]
[EventDate "2014.06.19"]
[EventType "team-swiss"]
[EventRounds "9"]
[EventCountry "CRO"]
[SourceTitle "CBM 161 Extra"]
[Source "ChessBase"]
[SourceDate "2014.08.29"]
[SourceVersion "1"]
[SourceVersionDate "2014.08.29"]
[SourceQuality "1"]
[WhiteTeam "Bulgaria"]
[BlackTeam "Russia"]
[WhiteTeamCountry "BUL"]
[BlackTeamCountry "RUS"]

1. e4 d6 2. d4 Nf6 3. f3 Nbd7 4. Be3 e5 5. Ne2 Be7 6. Nbc3 0-0 7. Qd2 a5 8. Ng3 Re8 9. Be2 c6 10. a4 Qc7 11. 0-0 Nb6 12. Kh1 Be6 13. b3 Rad8 14. f4 Bg4 15. Bxg4 Nxg4 16. Bg1 Nc8 17. h3 Nf6 18. Rad1 exd4 19. Bxd4 d5 20. Bxf6 Bxf6 21. exd5 Qb6 22. Nge4 Bxc3 23. Nxc3 Ne7 24. Rfe1 Rd6 25. Qe3 Qxe3 26. Rxe3 Kf8 27. dxc6 Rxd1+ 28. Nxd1 Nxc6 29. Rxe8+ Kxe8 30. g3 Kd7 31. Kg2 Kd6 32. Kf2 Nd4 33. Ne3 Kc5 34. Ke1 g6 35. Kd2 Nf3+ 36. Kd3 f5 37. c3 Ng1 38. h4 h6 39. Nc4 b6 40. Ne5 Nh3 41. Ke3 g5 42. fxg5 hxg5 43. h5 g4 44. h6 Ng5 45. Kf4 1-0

[Event "WchT Silent"]
[Site "Opatija"]
[Date "2014.06.20"]
[Round "2.1"]
[White "Orev, Petar"]
[Black "Chojnowski, Marcin"]
[Result "1/2-1/2"]
[WhiteElo "2135"]
[BlackElo "2084"]
[PlyCount "50"]
[EventDate "2014.06.19"]
[EventType "team-swiss"]
[EventRounds "9"]
[EventCountry "CRO"]
[SourceTitle "CBM 161 Extra"]
[Source "ChessBase"]
[SourceDate "2014.08.29"]
[SourceVersion "1"]
[SourceVersionDate "2014.08.29"]
[SourceQuality "1"]
[WhiteTeam "Bulgaria"]
[BlackTeam "Poland"]
[WhiteTeamCountry "BUL"]
[BlackTeamCountry "POL"]

1. g3 Nf6 2. c4 e6 3. Bg2 d5 4. Qc2 Be7 5. Nf3 0-0 6. 0-0 dxc4 7. Ne5 c5 8. Na3 Nbd7 9. Naxc4 Nd5 10. b3 Nxe5 11. Nxe5 Qc7 12. Bb2 b6 13. d4 Bb7 14. Nd3 Rac8 15. Rac1 Qb8 16. dxc5 bxc5 17. Qc4 Nf6 18. Qb5 Bxg2 19. Qxb8 Rxb8 20. Kxg2 Rb5 21. Bxf6 gxf6 22. Rc4 Ra5 23. Rc2 Rd8 24. f4 Rd4 25. Rf3 Ra3 1/2-1/2

[Event "Blagoevgrad op"]
[Site "Blagoevgrad"]
[Date "2013.09.29"]
[Round "3"]
[White "Lazov, Stefan"]
[Black "Orev, Petar"]
[Result "1/2-1/2"]
[WhiteElo "1828"]
[BlackElo "2152"]
[PlyCount "34"]
[EventDate "2013.09.28"]
[EventType "swiss"]
[EventRounds "9"]
[EventCountry "BUL"]
[SourceTitle "CBM 156 Extra"]
[Source "ChessBase"]
[SourceDate "2013.10.22"]
[SourceVersion "1"]
[SourceVersionDate "2013.10.22"]
[SourceQuality "1"]

1. Nf3 d5 2. g3 c5 3. Bg2 Nc6 4. 0-0 e5 5. d3 Bd6 6. Nbd2 Nge7 7. e4 d4 8. a4 0-0 9. Nc4 Bc7 10. Nfd2 f6 11. f4 Be6 12. f5 Bf7 13. g4 Nc8 14. Rf2 Nd6 15. Nxd6 Qxd6 16. Bf1 a6 17. Rg2 Bd8 1/2-1/2

[Event "Blagoevgrad op"]
[Site "Blagoevgrad"]
[Date "2013.09.28"]
[Round "1"]
[White "Dyulgerov, Volen"]
[Black "Orev, Petar"]
[Result "0-1"]
[WhiteElo "1648"]
[BlackElo "2152"]
[PlyCount "88"]
[EventDate "2013.09.28"]
[EventType "swiss"]
[EventRounds "9"]
[EventCountry "BUL"]
[SourceTitle "CBM 156 Extra"]
[Source "ChessBase"]
[SourceDate "2013.10.22"]
[SourceVersion "1"]
[SourceVersionDate "2013.10.22"]
[SourceQuality "1"]

1. e4 Nf6 2. Nc3 d6 3. d4 c6 4. Be2 b5 5. a3 Nbd7 6. Nf3 e5 7. 0-0 Be7 8. Re1 0-0 9. d5 cxd5 10. Nxd5 a6 11. a4 Nxd5 12. exd5 b4 13. c3 bxc3 14. bxc3 Rb8 15. Ba3 Qc7 16. Qd2 Nc5 17. Bxc5 Qxc5 18. Reb1 Rxb1+ 19. Rxb1 Bd8 20. c4 Bf5 21. Rb2 Ba5 22. Qe3 Bb4 23. Qxc5 Bxc5 24. Nd2 a5 25. g4 Bd7 26. Ne4 Bb4 27. Ra2 f6 28. f3 Kf7 29. Kg2 Ke7 30. Bd3 g6 31. h4 f5 32. Nf2 h5 33. gxh5 gxh5 34. Nh3 Be1 35. Nf2 Rb8 36. Ra1 Bc3 37. Rb1 Rg8+ 38. Kf1 Bb4 39. Bc2 Rg3 40. Ke2 Rg2 41. Rf1 Bc5 42. Ke1 Rh2 43. Bb3 Rxh4 44. Rg1 Kf7 0-1